| 000 | 01986cam a2200565 a 4500 | ||
|---|---|---|---|
| 001 | 22424 | ||
| 003 | SK-KTurca | ||
| 005 | 20260328103837.0 | ||
| 008 | 240318s2014 xo g 000 faslo | ||
| 015 | _aSNBA2014/03 | ||
| 020 |
_a9788055137261 _q(viaz.) |
||
| 035 | _a5ADD4C4C-7DCE-4B01-A5E8-0453CF27145E | ||
| 035 | _aurn:nbn:sk:snk-amktog | ||
| 035 | _aurn:nbn:sk:snk-am004s54 | ||
| 040 |
_aSKPK _bslo _cSKPK _dSNK _eAACR2 |
||
| 041 | 1 |
_aslo _heng |
|
| 043 | _an-us--- | ||
| 044 |
_axo _cSK |
||
| 072 | 7 |
_a821.111(73)-3 _xAmerická próza _2konspekt |
|
| 072 | 7 |
_a929 _xBiografie _2konspekt |
|
| 080 |
_a821.111(73)-31 _22001 |
||
| 080 |
_a929 _22001 |
||
| 080 |
_a316.346.2-055.2:21/29-1/-9 _22001 |
||
| 080 |
_a159.923.2:17.024.3 _22001 |
||
| 080 |
_a(73) _22001 |
||
| 080 |
_a(0:82-312.6) _22001 |
||
| 100 | 1 |
_aMahmoody, Mahtob, _d1979- _4aut |
|
| 240 | 1 | 4 |
_aThe Needful Threads _lSlovensky |
| 245 | 1 | 0 |
_aOtcovi som odpustila _bpríbeh dievčatka z bestsellera Bez dcéry neodídem _cMahtob Mahmoody ; [z anglického originálu preložil Otakar Kořínek, verše preložila Jana Kantorová-Báliková] |
| 250 | _a[1. vyd.] | ||
| 260 |
_aBratislava _bIkar _c2014 |
||
| 300 |
_a351 s. _c21 cm |
||
| 504 | _aSlovník | ||
| 600 | 1 | 7 |
_aMahmoody, Mahtob, _d1979- _2SNKMA |
| 648 | 7 |
_a20.-21. stor _2SNKPH |
|
| 648 | 7 |
_a20th-21st centuries _2SNKPHeng |
|
| 650 | 0 | 7 |
_aženy _zSpojené štáty americké _2SNKPH |
| 650 | 0 | 7 |
_aženy a náboženstvo _2SNKPH |
| 650 | 0 | 7 |
_avyrovnanie sa s minulosťou _2SNKPH |
| 650 | 0 | 7 |
_aWomen _zUnited States _2SNKPHeng |
| 650 | 0 | 7 |
_aWomen and religion _2SNKPHeng |
| 650 | 0 | 7 |
_aComing to terms with the past _2SNKPHeng |
| 655 | 7 |
_aamerické romány _2SNKPH |
|
| 655 | 7 |
_aautobiografické romány _2SNKPH |
|
| 655 | 7 |
_aAmerican fiction _2SNKPHeng |
|
| 655 | 7 |
_aAutobiographical reminiscences _2SNKPHeng |
|
| 700 | 1 |
_aKořínek, Otakar, _d1946-2025 _4trl |
|
| 700 | 1 |
_aKantorová-Báliková, Jana, _d1951- _4trl |
|
| 942 |
_2ddc _cKLDO _n0 |
||
| 999 |
_c22424 _d22424 |
||